000 00727nab a2200229u 4500
001 23106
003 HDC
007 c| |||a|c|aaaa
008 210315b20160114my ||||| |||| 00| 0 may d
040 _aHDC
245 0 _aProduk halal dapat keistimewaan TPPA
336 _atext
_2rdacontent
337 _acomputer
_2rdamedia
338 _aonline resource
_2rdacarrier
650 _aHalal Development Corporation (HDC)
_98170
650 _ahalal products
_9642
710 _aHARIAN METRO
856 _zRequest full-text at [email protected]
942 _2lcc
942 _cNEWS
942 _kNWSC 005085
999 _c20422
_d20422